00318nam a2200121 a 45000010005000000030005000050050017000100080041000270400020000681000023000882450065001112600020001762219CDMR20130116135226.0130130s1973||||||||||||||||||||||||||||d aCDMRbcatcCDMR1 aPañella, Ramón13aLa prensa de Barcelona ante el 4 de marzocRamón Pañella aBarcelonac1973